000 00688nam a22002657a 4500
003 OSt
005 20140310184253.0
008 121109t xxu||||| |||| 00| 0 eng d
020 _a0439701570
050 _aPZ 7
_b.L666 2004
100 _aLeviton, Michael
_924072
245 _aThe strangest stories from the weirdest school /
_cMichael Leviton.
260 _aNew York :
_bScholastic Inc.,
_c2004.
300 _g20 cm.
_a40 p. :
_bill. ;
521 _aG1
526 _c290
650 _aFiction
_xJuvenile
_929413
942 _2lcc
_cBK-SCHOLAS
999 _c33387
_d33387